|
|
|
|
| LEADER |
00554nam a22001577a 4500 |
| 003 |
OSt |
| 008 |
100830t xxu||||| |||| 00| 0 eng d |
| 080 |
|
|
|a 340.114
|b DAV
|
| 100 |
|
|
|a Davis, Kenneth Culp
|9 16478
|
| 245 |
|
|
|a Discretionary justice
|b a priliminary inquiry
|
| 260 |
|
|
|a Baton Rouge
|b Louibiana state university press
|c 1969
|
| 300 |
|
|
|a 233p.
|
| 653 |
|
|
|a Justice
|a Law and power
|
| 942 |
|
|
|c BK
|6 _
|
| 999 |
|
|
|c 195013
|d 195013
|
| 952 |
|
|
|0 0
|1 0
|4 0
|6 340114_DAV
|7 0
|8 GEN
|9 250760
|a SLS
|b SLS
|d 2010-08-30
|l 2
|o 340.114 DAV
|p SLS015161
|r 2017-04-12
|s 2017-04-11
|t 1
|w 2010-08-30
|y BK
|